| 000 | 00813nas a2200265 4500 | ||
|---|---|---|---|
| 001 | BR9202402 | ||
| 003 | BR-BrBNA | ||
| 005 | 20231205092505.0 | ||
| 007 | ta | ||
| 008 | 230509b bl.|||p| |||| 00| 00por d | ||
| 040 |
_aBR-BrBNA _bpor _cBiblioteca Nacional de Agricultura |
||
| 041 | _a(Pt) | ||
| 072 | _aJ10 | ||
| 100 | 1 | _aLara, F.M. | |
| 100 | 1 | _aBortoli, S.A. de | |
| 100 | 1 | _aPontim, J.C. | |
| 245 | 1 | _aEnsaio de controle quimico de Sitophilus zeamais (Motschulky, 1855)(Coleoptera-Curculionidae)em milho armazenado | |
| 650 | _aMILHO | ||
| 650 | _aINSETO | ||
| 650 | _aPRAGA DE PRODUTO ARMAZENADO | ||
| 650 | _aCONTROLE QUIMICO | ||
| 773 | 0 |
_tCiencia Agronomica. Jaboticabal (Brazil) _x _g(1989), v. 4(2) p. 15-16 _wBR9202402 |
|
| 909 |
_a202311 _bLúcia _c55 _dLúcia Elande |
||
| 942 |
_2AGRIS _n0 _cANA |
||
| 999 |
_c132105 _d132105 |
||